understanding rett syndrome a guide to symptoms, management and treatment
Պահպանված է:
| Ձևաչափ: | Գիրք |
|---|---|
| Լեզու: | անգլերեն |
| Հրապարակվել է: |
Routledge
2020
|
| Ցուցիչներ: |
Ավելացրեք ցուցիչ
Չկան պիտակներ, Եղեք առաջինը, ով նշում է այս գրառումը!
|
MARC
| LEADER | 00000nam a22000007a 4500 | ||
|---|---|---|---|
| 008 | 230704b |||||||| |||| 00| 0 eng d | ||
| 020 | |a 9781138600560 | ||
| 245 | |a understanding rett syndrome |b a guide to symptoms, management and treatment |c Rosa Angela Fabio, Tindara Capppri and Gabriella Martino |g 128p | ||
| 260 | |b Routledge |c 2020 |h London |i 700363 |i 700364 |l RJ506.R47F11 |m Rett Syndrome | ||
| 500 | |a it includes index | ||
| 942 | |a lcc |c BK |e Johnson |f 04/07/23 | ||
| 952 | |0 0 |1 0 |2 lcc |4 0 |6 RJ0506 R47 F11 |7 0 |9 4265 |a HE |b HOL |c QZ |d 2023-07-04 |l 0 |o RJ506.R47F11 |p 2023-0194 |r 2023-07-04 00:00:00 |t 700363 |w 2023-07-04 |y BK | ||
| 952 | |0 0 |1 0 |2 lcc |4 0 |6 RJ0506 R47 F11 |7 0 |9 4266 |a HOL |b HOL |c QZ |d 2023-07-04 |l 0 |o RJ506.R47F11 |p 2023-0195 |r 2023-07-04 00:00:00 |t 700364 |w 2023-07-04 |y BK | ||
| 999 | |c 2141 |d 2141 | ||